000 00254nam a2200097Ia 4500
001 688449
005 20250826161615.0
008 250824s9999 xx 000 0 und d
245 0 _aBÜYÜK YAZARIN GİZLİ EVRENİ
_cARTHUR POWER
260 _bTİMAŞ YAYINLARI
999 _c688449
_d688449